000
00263 a2200121 4500
001
66145
082
_a
621.38456MEH
090
_c
38439
_d
38439
100
_a
Mehrota A
245
_a
GSM system Engineering
260
_a
London
_b
Artech
_c
1997
300
_a
450
942
_a
NUST-CAE
_k
621.38456MEH
999
_c
301218
_d
301218